| 000 | 00736nam a22002531 4500 | ||
|---|---|---|---|
| 001 | 22328 | ||
| 003 | CZ PrNK | ||
| 005 | 20260326140122.0 | ||
| 008 | 020105s1956 xo slo | ||
| 040 |
_aABA001 _bcze _cABA001 _dABA001 |
||
| 080 |
_a885.4-1(084.1) _2undef |
||
| 100 | 1 |
_aSmrek, Ján, _d1898-1982 _4aut |
|
| 245 | 1 | 0 |
_aMachule / _cJán Smrek, Vincent Hložník |
| 250 | _a1. vyd. | ||
| 260 |
_aBratislava : _bSlov. spis., _c1956 _e(Martin : _fSeveroslovenské tlač.) |
||
| 300 |
_a[55] s. ; _c8° |
||
| 490 | 1 | _aSpisovatelia mládeži | |
| 500 | _aIlustr. | ||
| 500 | _a10.400 výtl. | ||
| 700 | 1 |
_aHložník, Vincent, _d1919-1997 _4aut |
|
| 830 | 0 | _aSpisovatelia mládeži | |
| 910 | _aABA001 | ||
| 942 |
_2ddc _cKLDE _n0 |
||
| 999 |
_c22328 _d22328 |
||